[Event "22. Copenhagen Open  (Politiken Cup)"]
[Site "Copenhagen"]
[Date "2000.07.18"]
[Round "2"]
[White "Moller, Arne"]
[Black "Einarson, Erland"]
[Result "1-0"]
[WhiteElo "2026"]
[BlackElo "1100"]
[PlyCount "41"]
[EventDate "2000.07.17"]
[EventType "swiss"]
[EventRounds "11"]
[EventCountry "DEN"]
[SourceDate "2004.01.01"]

1. e4 e5 2. Nf3 Nc6 3. Bb5 Nf6 4. O-O Nxe4 5. d4 f6 6. dxe5 fxe5 7. Re1 Nd6 8.
Bxc6 bxc6 9. Nxe5 Be7 10. Qh5+ Kf8 11. Ng6+ Kg8 12. Nxe7+ Kf8 13. Ng6+ Kg8 14.
Nxh8 Kxh8 15. Bg5 Qf8 16. Be7 Qf5 17. Qxf5 Nxf5 18. Bd8 h6 19. Re8+ Kh7 20.
Bxc7 Nd4 21. Na3 1-0

[Event "22. Copenhagen Open  (Politiken Cup)"]
[Site "Copenhagen"]
[Date "2000.07.18"]
[Round "2"]
[White "Molvig, Henrik"]
[Black "Hansen, Ib Lyns"]
[Result "1/2-1/2"]
[WhiteElo "2224"]
[BlackElo "1769"]
[PlyCount "59"]
[EventDate "2000.07.17"]
[EventType "swiss"]
[EventRounds "11"]
[EventCountry "DEN"]
[SourceDate "2004.01.01"]

1. d4 f5 2. g3 Nf6 3. Bg2 e6 4. Nf3 Be7 5. c4 c6 6. O-O O-O 7. b3 d6 8. Qc2 a6
9. Nbd2 Qe8 10. e4 d5 11. cxd5 fxe4 12. d6 Bxd6 13. Nxe4 Nxe4 14. Qxe4 Rf6 15.
Bb2 Nd7 16. Ne5 Qh5 17. Qg4 Qxg4 18. Nxg4 Rf8 19. Ne3 Rf7 20. Nc4 Bc7 21. Rae1
Nf8 22. Re2 a5 23. Ba3 Re7 24. Rfe1 Bd7 25. f4 Be8 26. d5 Rd8 27. dxe6 Bh5 28.
Rd2 Rxe6 29. Rxe6 Nxe6 30. Rxd8+ 1/2-1/2

[Event "22. Copenhagen Open  (Politiken Cup)"]
[Site "Copenhagen"]
[Date "2000.07.18"]
[Round "2"]
[White "Nicolaisen, Erik"]
[Black "Palo, Davor"]
[Result "0-1"]
[WhiteElo "2035"]
[BlackElo "2213"]
[PlyCount "88"]
[EventDate "2000.07.17"]
[EventType "swiss"]
[EventRounds "11"]
[EventCountry "DEN"]
[SourceDate "2004.01.01"]

1. e4 c5 2. c3 d5 3. exd5 Qxd5 4. d4 e6 5. Nf3 Nf6 6. Na3 Nc6 7. Nc2 cxd4 8.
Ncxd4 Nxd4 9. Qxd4 a6 10. Be3 Qxd4 11. Bxd4 b5 12. Be2 Bb7 13. O-O Bd6 14. Rad1
Ke7 15. Be5 Bxe5 16. Nxe5 Rhc8 17. Rd4 Rc5 18. Bf3 Bxf3 19. Nxf3 Rb8 20. Rc1
Rb7 21. Ne1 Rbc7 22. Rcd1 e5 23. R4d2 Rd7 24. Nc2 Rxd2 25. Rxd2 Ke6 26. Kf1 Nd7
27. Ke2 a5 28. a3 Rc8 29. Ne3 Nb6 30. Kd1 f5 31. Ke2 f4 32. Nd1 Nc4 33. Rc2 e4
34. Ke1 a4 35. Ke2 Rd8 36. Kf1 Kf6 37. Ke2 g5 38. h3 h5 39. g3 h4 40. g4 Rd3
41. f3 Rxd1 42. Kxd1 Ne3+ 43. Kd2 Nxc2 44. Kxc2 e3 0-1

[Event "22. Copenhagen Open  (Politiken Cup)"]
[Site "Copenhagen"]
[Date "2000.07.18"]
[Round "2"]
[White "Nicolaisen, Jeppe"]
[Black "Heinola, Vesa"]
[Result "1/2-1/2"]
[WhiteElo "2040"]
[BlackElo "2227"]
[PlyCount "84"]
[EventDate "2000.07.17"]
[EventType "swiss"]
[EventRounds "11"]
[EventCountry "DEN"]
[SourceDate "2004.01.01"]

1. e4 c5 2. Nc3 Nc6 3. f4 e6 4. Nf3 a6 5. a4 Qc7 6. g3 d6 7. Bg2 Nf6 8. O-O Be7
9. d3 O-O 10. Nd2 Rb8 11. Nc4 b5 12. axb5 axb5 13. Ne3 Nd4 14. g4 Bb7 15. g5
Nd7 16. Ne2 f6 17. h4 Nxe2+ 18. Qxe2 Nb6 19. b3 Rbe8 20. Bb2 Bd8 21. Ng4 f5 22.
Ne3 d5 23. Be5 Qc8 24. exd5 Nxd5 25. Nxd5 exd5 26. d4 c4 27. Ra7 Rf7 28. bxc4
dxc4 29. Rxb7 Rxb7 30. Bxb7 Qxb7 31. Qg2 Qd7 32. Ra1 Bb6 33. c3 b4 34. Ra8 Bd8
35. cxb4 c3 36. Qa2+ Qf7 37. Qxf7+ Kxf7 38. Rc8 Bb6 39. Rc4 Ke6 40. Kf1 Kd5 41.
Rxc3 g6 42. Ke2 Ra8 1/2-1/2

[Event "22. Copenhagen Open  (Politiken Cup)"]
[Site "Copenhagen"]
[Date "2000.07.18"]
[Round "2"]
[White "Nielsen, Borge Hjerrild"]
[Black "Auchenberg, Einar"]
[Result "1-0"]
[WhiteElo "2153"]
[BlackElo "1692"]
[PlyCount "39"]
[EventDate "2000.07.17"]
[EventType "swiss"]
[EventRounds "11"]
[EventCountry "DEN"]
[SourceDate "2004.01.01"]

1. d4 Nc6 2. Nf3 d6 3. g3 Bg4 4. Bg2 Qc8 5. h3 Bh5 6. O-O Bxf3 7. exf3 h5 8. f4
g6 9. d5 Nd8 10. Re1 Bg7 11. Qe2 Qf5 12. Na3 a6 13. Nc4 Bd4 14. c3 Ba7 15. Be3
b5 16. Bxa7 Rxa7 17. Na5 Qd7 18. Qe3 Ra8 19. Qd4 Nf6 20. Qxf6 1-0

[Event "22. Copenhagen Open  (Politiken Cup)"]
[Site "Copenhagen"]
[Date "2000.07.18"]
[Round "2"]
[White "Nielsen, Carsten Juul"]
[Black "McShane, Luke J"]
[Result "0-1"]
[WhiteElo "2117"]
[BlackElo "2480"]
[PlyCount "56"]
[EventDate "2000.07.17"]
[EventType "swiss"]
[EventRounds "11"]
[EventCountry "DEN"]
[SourceDate "2004.01.01"]

1. d4 Nf6 2. c4 g6 3. Nc3 Bg7 4. e4 d6 5. Bd3 O-O 6. Nge2 c5 7. d5 e6 8. O-O
exd5 9. exd5 Re8 10. Re1 Nbd7 11. Ng3 Ne5 12. Bf1 h5 13. Bg5 Qb6 14. Qd2 Nh7
15. f4 Nxg5 16. fxg5 Bd7 17. Nge4 Bf5 18. Ng3 Bd7 19. Nce4 Ng4 20. h3 Bd4+ 21.
Kh1 h4 22. hxg4 hxg3 23. Nf6+ Kg7 24. Rxe8 Bxe8 25. Qf4 Bd7 26. Nh5+ gxh5 27.
gxh5 Qxb2 28. h6+ Kg8 0-1

[Event "22. Copenhagen Open  (Politiken Cup)"]
[Site "Copenhagen"]
[Date "2000.07.18"]
[Round "2"]
[White "Nielsen, Jan Mose"]
[Black "Hamann, Steffen"]
[Result "1-0"]
[WhiteElo "2030"]
[BlackElo "1638"]
[PlyCount "77"]
[EventDate "2000.07.17"]
[EventType "swiss"]
[EventRounds "11"]
[EventCountry "DEN"]
[SourceDate "2004.01.01"]

1. d4 Nf6 2. Bg5 d5 3. c3 h6 4. Bf4 e6 5. e3 Bd7 6. Nd2 c5 7. Bd3 Qb6 8. Qb1
Nc6 9. Ngf3 Nh5 10. Be5 cxd4 11. exd4 Nxe5 12. Nxe5 Nf4 13. O-O Nxd3 14. Qxd3
Bb5 15. Qf3 Qc7 16. Rfc1 Bd6 17. Re1 O-O 18. Qh3 Bxe5 19. Rxe5 Bd7 20. Rae1
Rae8 21. Nf3 f6 22. Rh5 Re7 23. Rxd5 Qb6 24. Qg3 Qxb2 25. Rc5 Qxa2 26. Nh4 Qd2
27. f4 Be8 28. Nf5 Rd7 29. Rxe6 Kh7 30. Rc8 Qd1+ 31. Qe1 Qxe1+ 32. Rxe1 Kg6 33.
Nh4+ Kf7 34. f5 Rg8 35. Ng6 b5 36. d5 a5 37. d6 a4 38. Rc7 a3 39. Re7+ 1-0

[Event "22. Copenhagen Open  (Politiken Cup)"]
[Site "Copenhagen"]
[Date "2000.07.18"]
[Round "2"]
[White "Nielsen, Jens Holm"]
[Black "Rasmussen, Casper Dahl"]
[Result "0-1"]
[WhiteElo "2060"]
[BlackElo "2281"]
[PlyCount "112"]
[EventDate "2000.07.17"]
[EventType "swiss"]
[EventRounds "11"]
[EventCountry "DEN"]
[SourceDate "2004.01.01"]

1. Nc3 c5 2. f4 Nc6 3. e4 g6 4. Bb5 Nd4 5. a4 Bg7 6. Nf3 a6 7. Bc4 d6 8. O-O e6
9. d3 Ne7 10. Ne2 Nxf3+ 11. gxf3 O-O 12. c3 d5 13. Bb3 f5 14. e5 Bd7 15. Be3
Qc7 16. Qe1 b6 17. d4 Rfc8 18. Qh4 Be8 19. Kh1 c4 20. Bc2 Nc6 21. Bd2 Rcb8 22.
Rfb1 Bf8 23. Nc1 Na5 24. Qf2 Be7 25. Kg2 Qd8 26. h3 Ra7 27. Be1 Rba8 28. Bd1 b5
29. Ra2 bxa4 30. Bxa4 Bxa4 31. Rxa4 Nc6 32. b4 cxb3 33. Nxb3 Rb7 34. Qc2 Rab8
35. Nd2 Rxb1 36. Nxb1 Na5 37. Nd2 Rb5 38. Ra2 Bh4 39. Qc1 Be7 40. Bf2 Qc8 41.
Be1 Kf7 42. Qa1 Bd8 43. Ra4 Qb8 44. Ra2 Kg7 45. Qd1 Rb2 46. Qa4 Rxa2 47. Qxa2
Qb5 48. Nf1 Be7 49. Ne3 Nc4 50. Nd1 a5 51. Bd2 Ba3 52. Kf2 a4 53. Ke1 Qb3 54.
Qa1 Qc2 55. Be3 Bb2 56. Qa2 a3 0-1

[Event "22. Copenhagen Open  (Politiken Cup)"]
[Site "Copenhagen"]
[Date "2000.07.18"]
[Round "2"]
[White "Nielsen, Simon Saito"]
[Black "Nielsen, Rune"]
[Result "1-0"]
[WhiteElo "2138"]
[BlackElo "1611"]
[PlyCount "77"]
[EventDate "2000.07.17"]
[EventType "swiss"]
[EventRounds "11"]
[EventCountry "DEN"]
[SourceDate "2004.01.01"]

1. d4 d5 2. c4 e6 3. Nc3 Nf6 4. Bg5 Be7 5. Nf3 O-O 6. e3 Nbd7 7. cxd5 Nxd5 8.
Bxe7 Qxe7 9. e4 Nxc3 10. bxc3 c5 11. Qd2 cxd4 12. cxd4 b6 13. Bd3 Bb7 14. O-O
Rac8 15. Rfe1 Rfd8 16. Qb2 Nf6 17. Nd2 Qd6 18. Nf3 Qf4 19. Qe2 Rc7 20. Rad1
Rdc8 21. Nd2 Ng4 22. g3 Qg5 23. f4 Qh5 24. Nf3 Nf6 25. Kg2 Qa5 26. h3 Rc3 27.
Kg1 Ra3 28. Rd2 Rcc3 29. Ne5 Ba6 30. Red1 Bxd3 31. Nxd3 Qa4 32. Kh2 Qc4 33. e5
Nd5 34. Nc1 {#} Rxc1 35. Rxc1 Qxc1 36. Rc2 Rxa2 37. Rxa2 Nc3 38. Qg2 Nd5 39.
Rc2 1-0

[Event "22. Copenhagen Open  (Politiken Cup)"]
[Site "Copenhagen"]
[Date "2000.07.18"]
[Round "2"]
[White "Nielsen, Thomas"]
[Black "Jorgensen, Morten S"]
[Result "1-0"]
[WhiteElo "1809"]
[BlackElo "1223"]
[PlyCount "83"]
[EventDate "2000.07.17"]
[EventType "swiss"]
[EventRounds "11"]
[EventCountry "DEN"]
[SourceDate "2004.01.01"]

1. c4 Nf6 2. Nc3 g6 3. g3 Bg7 4. Bg2 O-O 5. d3 c6 6. Nf3 d6 7. O-O Na6 8. a3
Nc7 9. Rb1 d5 10. Bf4 Ne6 11. Be5 d4 12. Bxf6 Bxf6 13. Ne4 Bg7 14. b4 f5 15.
Ned2 f4 16. Nb3 Kh8 17. Qc2 fxg3 18. hxg3 Nc7 19. Kh2 Bg4 20. Rh1 e5 21. Kg1
Rf5 22. Nh4 Rh5 23. Nc5 Bf6 24. Nxb7 Qe7 25. Bxc6 Rf8 26. Nf3 Bg5 27. Rxh5 Bxh5
28. Nxg5 Qxg5 29. Bg2 Qf5 30. Rf1 Bg4 31. f3 Qg5 32. Qc1 Qxc1 33. Rxc1 Bd7 34.
Nc5 Bc8 35. e3 Na6 36. exd4 Nxc5 37. dxc5 Rd8 38. Rd1 a6 39. Kf2 Bd7 40. Ke3
Ba4 41. Rd2 Kg7 42. d4 1-0

[Event "22. Copenhagen Open  (Politiken Cup)"]
[Site "Copenhagen"]
[Date "2000.07.18"]
[Round "2"]
[White "Nilsson, Lars Kjoller"]
[Black "Matthiesen, Martin"]
[Result "1-0"]
[WhiteElo "2061"]
[BlackElo "2300"]
[PlyCount "59"]
[EventDate "2000.07.17"]
[EventType "swiss"]
[EventRounds "11"]
[EventCountry "DEN"]
[SourceDate "2004.01.01"]

1. e4 c5 2. Nc3 Nc6 3. Nf3 d6 4. d4 cxd4 5. Nxd4 Nf6 6. Bc4 Qb6 7. Nxc6 bxc6 8.
O-O g6 9. e5 dxe5 10. Qe2 Qd4 11. Re1 Bg7 12. Be3 Qd6 13. Rad1 Qc7 14. h3 O-O
15. Bc5 Nh5 16. Qf3 Nf4 17. Be3 Rb8 18. Bc1 Be6 19. Bf1 Rfd8 20. g3 Nd5 21. Ne4
Nb4 22. Rxd8+ Qxd8 23. Rd1 Qc8 24. Bg5 f6 25. Be3 Nxc2 26. Bxa7 Rb7 27. Ba6 Qa8
28. Bxb7 Qxa7 29. Rd8+ Bf8 30. Nxf6+ 1-0

[Event "22. Copenhagen Open  (Politiken Cup)"]
[Site "Copenhagen"]
[Date "2000.07.18"]
[Round "2"]
[White "Olsen, Miriam Frida"]
[Black "Tornerup, John"]
[Result "1-0"]
[WhiteElo "1437"]
[BlackElo "2020"]
[PlyCount "53"]
[EventDate "2000.07.17"]
[EventType "swiss"]
[EventRounds "11"]
[EventCountry "DEN"]
[SourceDate "2004.01.01"]

1. e4 Nc6 2. d4 d6 3. Nf3 Nf6 4. Nc3 Bg4 5. Be2 e5 6. Be3 h6 7. O-O g6 8. dxe5
Nxe5 9. Nxe5 Bxe2 10. Qxe2 dxe5 11. Rad1 Qe7 12. f4 exf4 13. Bxf4 Bg7 14. Qb5+
c6 15. Qe5 Qxe5 16. Bxe5 Nh5 17. Bxg7 Nxg7 18. e5 Nf5 19. Ne4 O-O 20. Rd7 Rab8
21. Nf6+ Kg7 22. g4 Ne3 23. Rf2 Rfd8 {[#]} 24. e6 Rxd7 25. Nxd7 Rd8 26. Rxf7+
Kh8 27. e7 1-0

[Event "22. Copenhagen Open  (Politiken Cup)"]
[Site "Copenhagen"]
[Date "2000.07.18"]
[Round "2"]
[White "Pedersen, Steen"]
[Black "Bogdanov, Max"]
[Result "1-0"]
[WhiteElo "1755"]
[BlackElo "1067"]
[PlyCount "107"]
[EventDate "2000.07.17"]
[EventType "swiss"]
[EventRounds "11"]
[EventCountry "DEN"]
[SourceDate "2004.01.01"]

1. e4 c6 2. d4 d5 3. Nc3 dxe4 4. Nxe4 Bf5 5. Ng3 Bg6 6. h4 h6 7. Nf3 Nd7 8. h5
Bh7 9. Bd3 Bxd3 10. Qxd3 Ngf6 11. c3 e6 12. Bf4 c5 13. Ne4 Qb6 14. O-O-O Nxe4
15. Qxe4 Nf6 16. Qc2 Be7 17. Qa4+ Qc6 18. Qxc6+ bxc6 19. Be3 cxd4 20. Nxd4 c5
21. Nb5 O-O 22. f3 a6 23. Na3 Nd5 24. Bd2 Rfd8 25. c4 Nb6 26. Ba5 Rxd1+ 27.
Rxd1 Rb8 28. b3 Rb7 29. Nc2 Nd7 30. Ne1 Nf6 31. g4 Rd7 32. Rd3 Rxd3 33. Nxd3
Nd7 34. Bc7 Bg5+ 35. Kd1 Be7 36. Ke2 f5 37. Ke3 Kf7 38. Nf4 fxg4 39. fxg4 Bg5
40. Kf3 Bxf4 41. Kxf4 Kf6 42. Bd6 g5+ 43. Ke4 Kf7 44. a3 Ke8 45. Be5 Nxe5 46.
Kxe5 Ke7 47. b4 cxb4 48. axb4 Kd7 49. c5 Kc6 50. Kxe6 a5 51. bxa5 Kxc5 52. Kf6
Kb5 53. Kg6 Kxa5 54. Kxh6 1-0

[Event "22. Copenhagen Open  (Politiken Cup)"]
[Site "Copenhagen"]
[Date "2000.07.18"]
[Round "2"]
[White "Petersen, Lars"]
[Black "Hoi, Carsten"]
[Result "0-1"]
[WhiteElo "2097"]
[BlackElo "2408"]
[PlyCount "46"]
[EventDate "2000.07.17"]
[EventType "swiss"]
[EventRounds "11"]
[EventCountry "DEN"]
[SourceDate "2004.01.01"]

1. Nf3 Nf6 2. d4 g6 3. Bf4 Bg7 4. e3 O-O 5. c4 c5 6. Nc3 cxd4 7. exd4 d5 8. c5
Nc6 9. Bb5 Bg4 10. Bxc6 bxc6 11. h3 Bxf3 12. Qxf3 Nd7 13. O-O-O e5 14. dxe5
Nxe5 15. Bxe5 Bxe5 16. Rhe1 Bg7 17. Kb1 Qa5 18. Rc1 Rab8 19. Qd3 Qa3 20. Qc2 d4
21. Ka1 Qa5 22. Qa4 Qxa4 23. Nxa4 Rb4 0-1

[Event "22. Copenhagen Open  (Politiken Cup)"]
[Site "Copenhagen"]
[Date "2000.07.18"]
[Round "2"]
[White "Petersen, Nils"]
[Black "Romsdal, Trond"]
[Result "1/2-1/2"]
[WhiteElo "2038"]
[BlackElo "2222"]
[PlyCount "76"]
[EventDate "2000.07.17"]
[EventType "swiss"]
[EventRounds "11"]
[EventCountry "DEN"]
[SourceDate "2004.01.01"]

1. c4 Nf6 2. Nc3 e6 3. e4 d5 4. cxd5 exd5 5. e5 d4 6. exf6 dxc3 7. Qe2+ Be6 8.
dxc3 Qxf6 9. Nf3 Bd6 10. Bg5 Qf5 11. Qb5+ Nc6 12. Qxf5 Bxf5 13. O-O-O O-O 14.
Bd3 Be6 15. Kb1 Rfe8 16. h3 h6 17. Be3 Rad8 18. Bb5 Bf5+ 19. Bd3 Be4 20. Bxe4
Rxe4 21. Nd2 Ree8 22. Nc4 Be7 23. Bf4 Rxd1+ 24. Rxd1 Bc5 25. Be3 Bxe3 26. Nxe3
Ne5 27. Kc2 Kf8 28. Rd4 c6 29. Kd2 c5 30. Rd5 b6 31. f4 Nc6 32. Rd7 Rd8 33.
Rxd8+ Nxd8 34. Kd3 Ne6 35. Ke4 Ke7 36. g3 g6 37. h4 h5 38. f5 Nc7 1/2-1/2

[Event "22. Copenhagen Open  (Politiken Cup)"]
[Site "Copenhagen"]
[Date "2000.07.18"]
[Round "2"]
[White "Petersen, Steen"]
[Black "Kokholm, Daniel"]
[Result "0-1"]
[WhiteElo "2162"]
[BlackElo "1732"]
[PlyCount "104"]
[EventDate "2000.07.17"]
[EventType "swiss"]
[EventRounds "11"]
[EventCountry "DEN"]
[SourceDate "2004.01.01"]

1. e4 d5 2. exd5 Qxd5 3. Nc3 Qa5 4. d4 c6 5. Bc4 Nf6 6. Bd2 Bf5 7. Nd5 Qd8 8.
Nxf6+ gxf6 9. c3 e6 10. Bf4 Nd7 11. Ne2 Nb6 12. Bb3 Nd5 13. Bd2 Bd6 14. c4 Ne7
15. O-O h5 16. Bf4 h4 17. Bxd6 Qxd6 18. h3 Rg8 19. Kh1 O-O-O 20. Bc2 Rg7 21.
Rc1 Kb8 22. Qe1 Rdg8 23. Rg1 Bxc2 24. Rxc2 Nf5 25. Qc3 Ne7 26. Qf3 e5 27. Qe4
Ng6 28. a3 Qd7 29. Qe3 Qf5 30. Rd2 Ne7 31. d5 cxd5 32. cxd5 Qd7 33. Qe4 Ng6 34.
Kh2 f5 35. Qd3 f4 36. Qc3 Qd6 37. Rc2 Ne7 38. Rd2 e4 39. f3 e3 40. Rd4 Ng6 41.
Qd3 Re8 42. Nc3 Qd8 43. d6 Qd7 44. Ne4 Qf5 45. Rd5 Ne5 46. Qb5 {[#]} Rxg2+ 47.
Kxg2 Rg8+ 48. Kf1 Qxh3+ 49. Rg2 Qxg2+ 50. Ke1 Qh1+ 51. Ke2 Rg2+ 52. Nf2 Rxf2#
0-1

[Event "22. Copenhagen Open  (Politiken Cup)"]
[Site "Copenhagen"]
[Date "2000.07.18"]
[Round "2"]
[White "Petersen, Steffen"]
[Black "Ward, Christopher"]
[Result "0-1"]
[WhiteElo "2121"]
[BlackElo "2508"]
[PlyCount "56"]
[EventDate "2000.07.17"]
[EventType "swiss"]
[EventRounds "11"]
[EventCountry "DEN"]
[SourceDate "2004.01.01"]

1. e4 c5 2. Nf3 d6 3. d4 cxd4 4. Nxd4 Nf6 5. Nc3 g6 6. Bc4 Bg7 7. f3 O-O 8. Be3
Nc6 9. Qd2 Bd7 10. O-O-O Qa5 11. Kb1 Ne5 12. Bb3 Rfc8 13. h4 Nc4 14. Bxc4 Rxc4
15. h5 Rxc3 16. bxc3 Nxh5 17. g4 Nf6 18. Bh6 Bh8 19. Nf5 Bxf5 20. gxf5 Rc8 21.
fxg6 hxg6 22. Bf8 Rxf8 23. Rxh8+ Kxh8 24. Qh6+ Kg8 25. Rh1 Nh5 26. Rh4 Qxc3 27.
Rg4 Rc8 28. Rg2 Rc5 0-1

[Event "22. Copenhagen Open  (Politiken Cup)"]
[Site "Copenhagen"]
[Date "2000.07.18"]
[Round "2"]
[White "Psakhis, Lev"]
[Black "Hovmoller, Kristian"]
[Result "1-0"]
[WhiteElo "2611"]
[BlackElo "2170"]
[PlyCount "49"]
[EventDate "2000.07.17"]
[EventType "swiss"]
[EventRounds "11"]
[EventCountry "DEN"]
[SourceDate "2004.01.01"]

1. c4 c5 2. Nf3 Nf6 3. g3 b6 4. Bg2 Bb7 5. O-O e6 6. Nc3 d6 7. Re1 Nbd7 8. e4
Qc7 9. d4 cxd4 10. Nxd4 a6 11. Be3 Be7 12. Rc1 O-O 13. f4 Rfd8 {#} 14. f5 e5
15. Nd5 Bxd5 16. cxd5 Qb7 17. Nc6 Re8 18. g4 Nb8 19. g5 Nfd7 20. f6 Bf8 21. Rf1
Rc8 22. fxg7 Kxg7 23. Qh5 Nc5 24. Bh3 Re8 25. Bf5 1-0

[Event "22. Copenhagen Open  (Politiken Cup)"]
[Site "Copenhagen"]
[Date "2000.07.18"]
[Round "2"]
[White "Rasmussen, Allan Stig"]
[Black "Rasmussen, Uffe"]
[Result "1/2-1/2"]
[WhiteElo "2199"]
[BlackElo "1884"]
[PlyCount "111"]
[EventDate "2000.07.17"]
[EventType "swiss"]
[EventRounds "11"]
[EventCountry "DEN"]
[SourceDate "2004.01.01"]

1. e4 c5 2. f4 d5 3. exd5 Nf6 4. Nf3 Nxd5 5. g3 Bg4 6. Bg2 e6 7. h3 Bh5 8. O-O
Nc6 9. Qe1 Bxf3 10. Bxf3 Nd4 11. Be4 f5 12. Bg2 Nb4 13. Na3 Qd7 14. Qd1 Nd5 15.
Nc4 Nc6 16. b3 Be7 17. Bb2 O-O 18. Re1 Rae8 19. c3 Bf6 20. d4 cxd4 21. cxd4 Qc7
22. Qd2 Kh8 23. Ne5 Be7 24. Qe2 Nxe5 25. dxe5 Qb6+ 26. Kh2 Bb4 27. Rec1 Rd8 28.
a3 Be7 29. b4 g5 30. Rd1 Qe3 31. Qxe3 Nxe3 32. Rg1 gxf4 33. gxf4 Rd2 34. Bc1
Rxg2+ 35. Rxg2 Nxg2 36. Kxg2 Rc8 37. Be3 Rc2+ 38. Kf3 Rc3 39. Rc1 Rxa3 40. Rc8+
Kg7 41. Rc7 Kf8 42. Ke2 Bxb4 43. Rxb7 Ra2+ 44. Kd3 Be7 45. Rxa7 Rh2 46. Kc4
Rxh3 47. Bc5 Bxc5 48. Kxc5 Rd3 49. Rxh7 Rd5+ 50. Kc6 Ke8 51. Ra7 Kd8 52. Rf7
Rd4 53. Kc5 Rd5+ 54. Kc4 Rd1 55. Ra7 Rd2 56. Ra8+ 1/2-1/2

[Event "22. Copenhagen Open  (Politiken Cup)"]
[Site "Copenhagen"]
[Date "2000.07.18"]
[Round "2"]
[White "Resika, Nathan A"]
[Black "Hansen, Herluf"]
[Result "1-0"]
[WhiteElo "2267"]
[BlackElo "2047"]
[PlyCount "105"]
[EventDate "2000.07.17"]
[EventType "swiss"]
[EventRounds "11"]
[EventCountry "DEN"]
[SourceDate "2004.01.01"]

1. e4 e6 2. d4 d5 3. Nc3 Nf6 4. e5 Nfd7 5. f4 a6 6. Nf3 c5 7. Be3 Nc6 8. Qd2
Rb8 9. O-O-O c4 10. f5 b5 11. fxe6 fxe6 12. Qf2 Nb6 13. Ng5 Rb7 14. Be2 b4 15.
Nb1 Qe7 16. Rhf1 Nd8 17. Qg3 Kd7 18. Qf3 Kc7 19. Nxh7 Rxh7 20. Qxf8 Qxf8 21.
Rxf8 Rxh2 22. Bg5 Nc6 23. Bf3 Kb8 24. Be3 Ne7 25. Nd2 Ng6 26. Rg8 Rf7 27. Nf1
Rh7 28. Bg5 Nh4 29. Bxh4 Rxh4 30. Ng3 Kc7 31. Rh1 Rxh1+ 32. Nxh1 Bd7 33. c3
bxc3 34. bxc3 Re7 35. Bh5 Kb7 36. Ng3 Na8 37. Bg6 Nc7 38. Nh5 Be8 39. Bxe8 Nxe8
40. Nf4 Nc7 41. Kd2 Kc6 42. g4 Kd7 43. g5 Rf7 44. Ke3 Ne8 45. Nxe6 Kxe6 46.
Rxe8+ Kf5 47. Rd8 Kxg5 48. Rxd5 Rf1 49. Rc5 Ra1 50. Rxc4 Rxa2 51. d5 Kf5 52. d6
Ke6 53. Rd4 1-0

[Event "22. Copenhagen Open  (Politiken Cup)"]
[Site "Copenhagen"]
[Date "2000.07.18"]
[Round "2"]
[White "Rosenberg, Jan"]
[Black "Andersen, Preben"]
[Result "0-1"]
[WhiteElo "1625"]
[BlackElo "2030"]
[PlyCount "63"]
[EventDate "2000.07.17"]
[EventType "swiss"]
[EventRounds "11"]
[EventCountry "DEN"]
[SourceDate "2004.01.01"]

1. e4 c5 2. c3 Nf6 3. e5 Nd5 4. d4 Nc6 5. Nf3 cxd4 6. cxd4 d6 7. Bc4 Nb6 8.
Bxf7+ Kxf7 9. Ng5+ Ke8 10. e6 Qc7 11. Nc3 a6 12. d5 Ne5 13. f4 Nec4 14. Qc2 Qc5
15. Nxh7 Nxd5 16. Qg6+ Kd8 17. Nxd5 Qxd5 18. Ng5 Kc7 19. O-O Rh6 20. Qe8 Rf6
21. f5 b5 22. Qh5 Bb7 23. Nf3 Rc8 24. b3 Ne5 25. Bf4 Nxf3+ 26. gxf3 Rxf5 27.
Rac1+ Kb8 28. Rxc8+ Bxc8 29. Qe8 Qd4+ 30. Kg2 Qxf4 31. Qc6 Bb7 32. Qe8+ 0-1

[Event "22. Copenhagen Open  (Politiken Cup)"]
[Site "Copenhagen"]
[Date "2000.07.18"]
[Round "2"]
[White "Rossen, Claus"]
[Black "Baburin, Alexander"]
[Result "0-1"]
[WhiteElo "2167"]
[BlackElo "2590"]
[PlyCount "44"]
[EventDate "2000.07.17"]
[EventType "swiss"]
[EventRounds "11"]
[EventCountry "DEN"]
[SourceDate "2004.01.01"]

1. d4 d5 2. Nf3 Nf6 3. c4 dxc4 4. g3 Nc6 5. Bg2 e5 6. O-O exd4 7. Qa4 Nd7 8.
Qxc4 Nb6 9. Qc2 Be7 10. a3 O-O 11. Rd1 Bf6 12. Nbd2 Qe7 13. Ne4 Bf5 14. Nxf6+
Qxf6 15. Qc5 Rfe8 16. Bg5 Qg6 17. Bf4 Be4 18. Bxc7 Nd5 19. Nh4 Qe6 20. Bxe4
Qxe4 21. Ba5 Re5 22. Nf3 Nf4 0-1

[Event "22. Copenhagen Open  (Politiken Cup)"]
[Site "Copenhagen"]
[Date "2000.07.18"]
[Round "2"]
[White "Rubeksen, Thomas Hans"]
[Black "Nielsen, Nicholas Roland"]
[Result "0-1"]
[WhiteElo "1210"]
[BlackElo "1864"]
[PlyCount "52"]
[EventDate "2000.07.17"]
[EventType "swiss"]
[EventRounds "11"]
[EventCountry "DEN"]
[SourceDate "2004.01.01"]

1. e4 c5 2. Nf3 d6 3. d4 cxd4 4. Nxd4 Nf6 5. Nc3 g6 6. Be3 Bg7 7. Bc4 O-O 8.
Qd2 Ng4 9. f3 Nxe3 10. Qxe3 Qb6 11. Rd1 e5 12. Nd5 Qc5 13. Nb5 Qxc4 14. Nbc7
Be6 15. Ne7+ Kh8 16. Nxa8 Na6 17. Qxa7 Nb4 18. c3 Nd3+ 19. Rxd3 Qxd3 20. Kf2
Qd2+ 21. Kg3 Qf4+ 22. Kf2 Qd2+ 23. Kg3 Bh6 24. Nf5 gxf5 25. exf5 Rg8+ 26. Kh3
Qxg2+ 0-1

[Event "22. Copenhagen Open  (Politiken Cup)"]
[Site "Copenhagen"]
[Date "2000.07.18"]
[Round "2"]
[White "Rytter, Morten"]
[Black "Nilsson, Nils Specht"]
[Result "0-1"]
[WhiteElo "1576"]
[BlackElo "2188"]
[PlyCount "80"]
[EventDate "2000.07.17"]
[EventType "swiss"]
[EventRounds "11"]
[EventCountry "DEN"]
[SourceDate "2004.01.01"]

1. d4 Nf6 2. c4 e6 3. Nf3 b6 4. g3 Bb7 5. Bg2 Bb4+ 6. Bd2 Bxd2+ 7. Nbxd2 c5 8.
Nb3 O-O 9. O-O d6 10. dxc5 dxc5 11. Qxd8 Rxd8 12. Rad1 Nc6 13. Nbd2 Rd7 14. Nb1
Rad8 15. Nc3 Nd4 16. Nxd4 cxd4 17. Nb1 Bxg2 18. Kxg2 e5 19. f3 e4 20. fxe4 Ng4
21. Rf3 Ne3+ 22. Rxe3 dxe3 23. Rxd7 Rxd7 24. Kf3 Rd2 25. Kxe3 Rxb2 26. Nc3 Kf8
27. Kd3 Ke7 28. h3 Ke6 29. Kd4 h5 30. g4 hxg4 31. hxg4 Kf6 32. Ke3 Rc2 33. Kd3
Rxc3+ 34. Kxc3 Kg5 35. Kd4 Kxg4 36. Ke3 g5 37. e5 Kf5 38. Kd4 g4 39. e4+ Kf4
40. e6 fxe6 0-1

[Event "22. Copenhagen Open  (Politiken Cup)"]
[Site "Copenhagen"]
[Date "2000.07.18"]
[Round "2"]
[White "Schmidt, Horst"]
[Black "Pedersen, Kaj Vinding"]
[Result "1-0"]
[WhiteElo "2025"]
[BlackElo "1619"]
[PlyCount "55"]
[EventDate "2000.07.17"]
[EventType "swiss"]
[EventRounds "11"]
[EventCountry "DEN"]
[SourceDate "2004.01.01"]

1. d4 Nf6 2. c4 e5 3. dxe5 Ng4 4. Nf3 Nc6 5. e3 Bb4+ 6. Bd2 Qe7 7. Nc3 Ngxe5 8.
Be2 d6 9. O-O Be6 10. Nd5 Bxd5 11. cxd5 Nxf3+ 12. Bxf3 Bxd2 13. dxc6 Bxe3 14.
cxb7 Rb8 15. Bc6+ Kf8 16. fxe3 Qxe3+ 17. Kh1 g6 18. Qd5 f5 19. Rae1 Qg5 20. Qe6
Kg7 21. Qd7+ Kh6 22. Rf3 Qf6 23. Rh3+ Kg5 24. Re6 Qd8 25. Qg7 Qf8 26. Qd4 f4
27. Qf2 Qf5 28. Qh4# 1-0